Výročná správa 1999 Allianz poisťovňa, a.s.
Enregistré dans:
| Format: | Livre |
|---|---|
| Langue: | slovaque anglais |
| Publié: |
Bratislava
Allianz
[2000]
|
| Sujets: | |
| Tags: |
Pas de tags, Soyez le premier à ajouter un tag!
|
MARC
| LEADER | 00000nam a2200000 4500 | ||
|---|---|---|---|
| 001 | c119579 | ||
| 005 | 20240104101419.8 | ||
| 041 | 0 | |a slo | |
| 041 | 0 | |a eng | |
| 044 | |a SK | ||
| 245 | 1 | 0 | |a Výročná správa 1999 |b Allianz poisťovňa, a.s. |
| 264 | 1 | |a Bratislava |b Allianz |c [2000] | |
| 300 | |a 31 s. | ||
| 610 | 2 | 0 | |a poisťovne |
| 610 | 2 | 0 | |a poisťovníctvo |
| 610 | 2 | 0 | |a Slovensko |